000 00796cab a2200229 4500
001 WB2904-38
008 090401t1993 xxu||||| |||| 00| 0 eng d
035 _a(Sirsi) u38449
041 _aeng
245 _aBES tax relief
260 _c1993
350 _a0
490 _aCSW - The Property Week
_v42(4) 28 January 1993, 68(1)
520 _aDiscusses how the rules governing BES companies specialising in residential property let on assured tenancies will change with the abolition of tax relief on shares in Business Expansion Scheme companies after 1993 under Finance (No 2) Act 1992.
650 _aASSURED TENANCIES
650 _aBUSINESS EXPANSION SCHEMES
650 _aFINANCE (NO 2) ACT 1992
650 _aTAX RELIEF
690 _aHOUSING
942 _n0
948 _c04/03/1997
999 _c24712
_d24712